South America by Vowels Quiz Stats

 Plays Quiz not verified by Sporcle

Support Sporcle.
Go Orange.
Score 0/12 Timer 05:00
0 Plays Today
Vowels Country % Correct
aiBrazil
100%
uaaGuyana
95.8%
uuuaUruguay
95.8%
aeiaArgentina
95.8%
ieChile
95.8%
euaoEcuador
95.8%
oiiaBolivia
95.8%
ooiaColombia
95.8%
eeueaVenezuela
95.8%
euPeru
95.8%
aauaParaguay
91.7%
uiaeSuriname
91.7%

You're not logged in!

Compare scores with friends on all Sporcle quizzes.
OR
Log In

From the Vault

Stuck in the Middle with Q

by Purple_Parrot

Clowns to the left of me, Sporclers to the right.
Remove Ads.
Support Sporcle.
Get the best of Sporcle when you Go Orange. This ad-free experience offers more features, more stats, and more fun while also helping to support Sporcle. Thank you for becoming a member.

Show Comments

Extras

Top Quizzes Today


Score Distribution

Your Account Isn't Verified!

In order to create a playlist on Sporcle, you need to verify the email address you used during registration. Go to your Sporcle Settings to finish the process.

Report this User

Report this user for behavior that violates our Community Guidelines.

Details: